| 000 | 00355cam a2200145ua 4500 | ||
|---|---|---|---|
| 041 |
_amal _h |
||
| 082 |
_a894.812 308 _bBRO/DA |
||
| 100 | _aBrown, Dan . | ||
| 245 |
_aDa Vinci Code / _cDan Brown. _hTextual Documents |
||
| 260 |
_aKottayam : _bD C Books , _c1962. |
||
| 300 | _a431 ; . | ||
| 504 | _a | ||
| 700 | 1 | _aJomi, Thomas . | |
| 999 |
_c13566 _d13566 |
||